| 000 | 00951nac a22002891u 4500 | ||
|---|---|---|---|
| 999 |
_c8506 _d8506 |
||
| 003 | EG-ScBUE | ||
| 005 | 20210322104258.0 | ||
| 008 | 200219r20072004enka f 000 1beng d | ||
| 020 | _a9780753709139 | ||
| 040 |
_aEG-ScBUE _beng _erda _cEG-ScBUE _dEG-ScBUE |
||
| 082 | 0 | 4 |
_a828.809 _bCOM _222 |
| 245 | 0 | 4 |
_aThe complete illustrated works of Oscar Wilde / _cOscar Wilde. |
| 250 | _aReprinted edition. | ||
| 264 | 1 |
_aLondon : _bBounty Books, _c2007. |
|
| 300 |
_a855 pages : _billustrations ; _c22 cm |
||
| 336 |
_2rdacontent _atext _btxt |
||
| 337 |
_2rdamedia _aunmediated _bn |
||
| 338 |
_2rdacarrier _avolume _bnc |
||
| 500 | _aDistributer: Al-Ahram. | ||
| 600 | 1 | 7 |
_aWilde, Oscar, _d1854-1900, _xLiterary collections. _2BUEsh |
| 650 | 7 |
_aEnglish fiction _y19th century. _2BUEsh |
|
| 650 | 7 |
_aEnglish poetry _y19th century. _2BUEsh |
|
| 651 | _2BUEsh | ||
| 653 |
_bHHUUEENN _cMarch2021 |
||
| 655 |
_vReading book _934232 |
||
| 942 |
_cBB _k818.309WIL _2ddc |
||